000 00535nam a2200193Ia 4500
003 GCL
008 140319s9999 xx 000 0 eng d
040 _aGCL /
_cGCL
082 0 4 _a422
_bA P
100 1 _aARCHER,MARGARET
245 1 0 _aPRACTICE TESTS FER PHAFICIENCY ,2ND ED /
_cARCHER,MARGARET
700 1 _aWOODS,ENID NALAN
260 _a[S.N] :
_bTHOMAS NELSON SONS LIMITED ،
_c1978
300 _a119 PP
650 0 4 _aEXERCISE FOR EDUCATION
650 0 4 _aSTUDY AND TEACHING
650 0 4 _aENGLISH LANGUAGE
942 _2ddc
_cBK
999 _c16666
_d16666